The True Face Of Islam/ (Record no. 204385)

MARC details
000 -LEADER
fixed length control field 00605nam a22001817a 4500
005 - DATE AND TIME OF LATEST TRANSACTION
control field 20240724145314.0
008 - FIXED-LENGTH DATA ELEMENTS--GENERAL INFORMATION
fixed length control field 090826t xxu||||| |||| 00| 0 eng d
010 ## - LCCN (DPL NO)
LC control number ENG-140948
020 ## - INTERNATIONAL STANDARD BOOK NUMBER
International Standard Book Number 9789353477226
Terms of availability 430.00
035 ## - SYSTEM CONTROL NUMBER
System control number EN-124480
037 ## - SOURCE OF ACQUISITION
Source of stock number/acquisition DBAD/PUB
100 ## - MAIN ENTRY--PERSONAL NAME
Personal name Naqvi , Mushtaq
9 (RLIN) 63720
245 ## - TITLE STATEMENT
Title The True Face Of Islam/
Statement of responsibility, etc By Naqvi Mushtaq
260 ## - PUBLICATION, DISTRIBUTION, ETC. (IMPRINT)
Name of publisher, distributor, etc Laburnum Press
Place of publication, distribution, etc Allahabad
Date of publication, distribution, etc 2012
270 ## - ADDRESS
Address 6, Drummond Road
City Allahabad
Postal code 211001
300 ## - PHYSICAL DESCRIPTION
Extent 168pg;
Dimensions 22cm(pbk)
942 ## - ADDED ENTRY ELEMENTS (KOHA)
Source of classification or shelving scheme Dewey Decimal Classification
Item type English Books
Classification part 270.26
Call number suffix Mus

No items available.


© Delhi Public Library
Hit Counter
free hit counter